Vun trồng thể lực cho đàn em nhỏ
Phương páhp giáo dục thể lực cho các em tuổi mẫu giáo. Đặc điểm về sinh lý, tâm lý của các em từ 5-7 tuổi, các bài tập thể dục cụ thể, các trò chơi và đi dạo ngoài troìư. Phương pháp tổ chức và một số dụng cụ thể dục thể thao...
Na minha lista:
| Autor principal: | |
|---|---|
| Outros Autores: | |
| Formato: | Livro |
| Idioma: | Vietnamese |
| Publicado em: |
H.
Thể dục thể thao
1976
|
| Assuntos: | |
| Tags: |
Adicionar Tag
Sem tags, seja o primeiro a adicionar uma tag!
|
| Thư viện lưu trữ: | Mạng thư viện Đại học Đà Nẵng |
|---|
| LEADER | 01372nam a2200325 4500 | ||
|---|---|---|---|
| 001 | 000014015 | ||
| 003 | 10367 | ||
| 005 | 20120329080320.0 | ||
| 008 | 120328s1976 viesd | ||
| 041 | 0 | |a vie | |
| 082 | |a 372.86 |b LƯ-C | ||
| 100 | 0 | |a Lương, Kim Chung | |
| 245 | 0 | |a Vun trồng thể lực cho đàn em nhỏ |c Lương Kim Chung, Đào Duy Thư | |
| 260 | |a H. |b Thể dục thể thao |c 1976 | ||
| 300 | |a 168 tr. hình ảnh |c 19 cm | ||
| 520 | |a Phương páhp giáo dục thể lực cho các em tuổi mẫu giáo. Đặc điểm về sinh lý, tâm lý của các em từ 5-7 tuổi, các bài tập thể dục cụ thể, các trò chơi và đi dạo ngoài troìư. Phương pháp tổ chức và một số dụng cụ thể dục thể thao | ||
| 653 | |a Vun trồng thể lực | ||
| 653 | |a Cho em nhỏ | ||
| 653 | |a Thể dục thể thao | ||
| 700 | |a Đào Duy Thư |e Tác giả | ||
| OWN | |a LSP | ||
| AVA | |a UDN50 |b LSP |d 372.86 LƯ-C |e available |t Error 5001 Not defined in file expand_doc_bib_avail. |f 2 |g 0 |h N |i 0 |k 1 | ||
| 999 | |a From the UDN01 | ||
| AVA | |a UDN50 |b LSP |d 372.86 LƯ-C |e available |t Error 5001 Not defined in file expand_doc_bib_avail. |f 2 |g 0 |h N |i 0 |k 1 | ||
| TYP | |a Monograph | ||
| TYP | |a Printed language | ||
| 980 | |a Mạng thư viện Đại học Đà Nẵng | ||